Giáo trình kỹ thuật sản xuất giống và nuôi giáp xác
Nội dung giáo trình đề cập: sinh học và kỹ thuật nuôi tôm biển, nuôi tôm càng xanh, cua biển,...
Saved in:
| Main Author: | |
|---|---|
| Format: | Book |
| Language: | Undetermined |
| Published: |
Cần Thơ
Trường Đại học Cần Thơ
2004
|
| Subjects: | |
| Tags: |
Add Tag
No Tags, Be the first to tag this record!
|
| Institutions: | Trung tâm Học liệu Trường Đại học Cần Thơ |
|---|
| LEADER | 00760nam a2200193Ia 4500 | ||
|---|---|---|---|
| 001 | CTU_160692 | ||
| 008 | 210402s9999 xx 000 0 und d | ||
| 082 | |a 639.5 | ||
| 082 | |b Ph561 | ||
| 100 | |a Nguyễn, Thanh Phương | ||
| 245 | 0 | |a Giáo trình kỹ thuật sản xuất giống và nuôi giáp xác | |
| 245 | 0 | |c Nguyễn Thanh Phương, Trần Ngọc Hải | |
| 260 | |a Cần Thơ | ||
| 260 | |b Trường Đại học Cần Thơ | ||
| 260 | |c 2004 | ||
| 520 | |a Nội dung giáo trình đề cập: sinh học và kỹ thuật nuôi tôm biển, nuôi tôm càng xanh, cua biển,... | ||
| 650 | |a Shellfish fisheries | ||
| 904 | |i Giang | ||
| 980 | |a Trung tâm Học liệu Trường Đại học Cần Thơ | ||